| 000 | 02125nam0a2200349 i 4500 | ||
|---|---|---|---|
| 001 | RU\NLR\bibl\2072883 | ||
| 005 | 20241104123202.0 | ||
| 010 |
_a9785955205403 _9250 |
||
| 021 |
_aRU _b2013-60693 _94170 |
||
| 035 | _a(nilc)RuMoRGB-006623868 | ||
| 035 | _a(NLR Aleph) 002071172 | ||
| 090 |
_a4757076 _c4757076 |
||
| 100 | _a20130805d2013 u a0rusy50 ca | ||
| 101 | 0 | _arus | |
| 102 | _aRU | ||
| 105 | _aa zzzz||||| | ||
| 200 | 1 |
_aМеры личной безопасности инспекторов дорожно-патрульной службы ГИБДД МВД России _eучебно-практическое пособие _fМ-во внутр. дел Рос. Федерации, Федер. гос. каз. образоват. учреждение доп. проф. образования "Всерос. ин-т повышения квалификации сотрудников МВД России" (ВИПК МВД России) _g[Р.Ш. Гарипов и др.] _gпод ред. полк. полиции Р.Ш. Гарипова |
|
| 210 |
_aДомодедово (Моск. обл.) _cВИПК МВД России _d2013 |
||
| 215 |
_a72 с. _cил. _d21 |
||
| 320 | _aБиблиогр.: с. 68-71 (46 назв.) | ||
| 601 | 0 | 2 |
_aГосударственная инспекция безопасности дорожного движения _jУчебные издания _xКадры _xОбеспечение безопасности _yРоссийская Федерация _92158301 _3RU\NLR\AUTH\661603821 |
| 686 | 1 | _aХ621.145.310.41я7 | |
| 702 | 1 |
_aГарипов _bР. Ш. _gРустам Шамилевич _4220 |
|
| 712 | 0 | 2 |
_4475 _aВсероссийский институт повышения квалификации сотрудников МВД России _cДомодедово _9827570 _3RU\NLR\AUTH\880580958 |
| 801 | 0 |
_aRU _bRuMoRKP _c20130805 _gRCR |
|
| 801 | 2 |
_aRU _bРГБ _c20130807 |
|
| 801 | 1 |
_aRU _bRuMoRKP _c20130805 _2rusmarc |
|
| 801 | 2 |
_aRU _bNLR _c20130917 _grcr |
|
| 942 | _cBOOK | ||
| 980 | _aNBR | ||